| 000 | 00486nam a2200169 a 4500 | ||
|---|---|---|---|
| 005 | 20140412111320.0 | ||
| 008 | 001207s19uu xx 00 eng d | ||
| 020 | _a0-7214-1798-1 | ||
| 050 |
_aER _bDa19 1996 |
||
| 100 | _aHarker, Jillian | ||
| 245 |
_aDan and Pip's ship / _cJillian Harker and Geraldine Taylor. |
||
| 260 |
_aLoughborough : _bLadybird Books Ltd, _c1996. |
||
| 300 | _a1 v. (unp.) ; ill. | ||
| 440 | _aRead with Ladybird | ||
| 650 | _aShip stories | ||
| 999 |
_c104346 _d104346 |
||